Spieler, die Martin Schindler bei der Darts WM besiegten - Statistiken

Allgemein
  • Dieses Quiz wurde 129 mal gespielt
    24 seit der letzten Aktualisierung
  • Das Durchschnittsergebnis liegt bei 5 aus 7
Antwortstatistiken
Jahr Runde Nationalität Spieler % Korrekt
2026 3. Runde England Ryan Searle
88%
2018 1. Runde Australien Simon Whitlock
88%
2023 3. Runde England Michael Smith
82%
2022 1. Runde Deutschland Florian Hempel
65%
2025 2. Runde England Callan Rydz
59%
2024 3. Runde England Scott Williams
53%
2019 1. Runde Neuseeland Cody Harris
29%
Keine übereinstimmenden Quizze gefunden
Verteilung der Resultate
Anzahl Personen mit jedem Resultat
Perzentil nach korrekt beantworteten Fragen
Ihre Resultats-Entwicklung
Sie haben dieses Quiz seit der letzten Aktualisierung nicht gespielt